| 000 | 00000nam##2200000za#4500 |
| 001 | 9.615858 |
| 003 | CaOODSP |
| 005 | 20210615101321 |
| 007 | ta |
| 008 | 150406|2002||||xxc||||| f|0| 0 eng|d |
| 020 | |a0-662-31481-6 |
| 040 | |aCaOODSP|beng |
| 043 | |an-cn--- |
| 086 | 1 |aH113-13/2001-2E |
| 110 | 1 |aCanada. |bPest Management Regulatory Agency. |
| 245 | 10|aChildren's health priorities within the Pest Management Regulatory Agency |
| 260 | |aOttawa - Ontario : |bHealth Canada. |c2002. |
| 300 | |a7p. ; |c28 cm. |
| 490 | 1 |aScience policy notice |vSPN 2002-01 |
| 520 | 3 |aScience Policy Notices are documents published by the PMRA to inform stakeholders and other interested parties of science policies, science policy frameworks and related scientific issues. They describe how science, in particular, new and emerging scientific issues and concepts, is applied by the Agency to the assessment and regulation of pesticides in Canada. |
| 563 | |aSoftcover |
| 590 | |a02-05|b2002-02-01 |
| 690 | 07|aChildren's health|2gcpds |
| 690 | 07|aFederal institutions|2gcpds |
| 690 | 07|aPesticides|2gcpds |
| 690 | 07|aRegulations|2gcpds |
| 775 | 08|tLes priorités en matière de santé infantile à l'Agence de réglementation de la lutte antiparasitaire |w(CaOODSP)9.625861 |
| 776 | 0#|tChildren's health priorities within the Pest Management Regulatory Agency |w(CaOODSP)9.558030 |
| 830 | #0|aScience policy notice ;|vSPN 2002-01|w(CaOODSP)9.514694 |